Disney Song Lyrics - Statistics

General Stats
  • This quiz has been taken 3,228 times
    3,197 since last reset
  • The average score is 13 of 25
Answer Stats
Movie Song Lyric Answer % Correct
The Lion King Can you feel the ____ tonight? love
95%
Frozen Turn away and slam the ____ door
94%
Pinocchio When you wish ____ a star upon
91%
High School Musical We're all in this ________ together
89%
Snow White Heigh, ho, heigh ho, it's off to ____ we go work
86%
The Little Mermaid Darling it's better down where it's ______ wetter
79%
The Lion King I'm gonna be a ______ king mighty
78%
Mary Poppins Just a spoon full of _____ sugar
69%
Toy Story You've got a ______ in me friend
67%
The Little Mermaid Look at this trove, _________ untold treasures
59%
Arisocats Everybody, everybody, everybody wants to be a ___ cat
55%
Frozen Just imagine how much ______ i'll be in summer cooler
52%
High School Musical We're _______, ______, theres not a star in heaven that we can't reach soaring, flying
51%
Beauty And The Beast Put our _______ to the test service
48%
The Lion King The day we arrive on the ______ planet
47%
Lady And The Tramp He's a _____ , but i love him tramp
47%
Lilo And Stitch Hawaiian roller _______ ride coaster
42%
Aladdin A ________ place i never knew dazzling
35%
Bambi Drip, drip, drop little _____ showers april
29%
Mary Poppins It's _______________________________ supercalifragilisticexpialidocious
22%
Pinocchio Give a little _______ whistle
21%
The Jungle Book I'm the king of the ________ swingers
18%
Aladdin Gotta keep, one swing ahead of the _____ sword
18%
Descendants So i've got some ________ in my blood mischief
15%
Descendants Am i _____?, maybe crazy
9%
No matching quizzes found
Score Distribution
Percent of People with Each Score
Percentile by Number Answered
Your Score History
You have not taken this quiz since the last reset